Online
Catalog

Los recursos de la pobreza en el tercer mundo / (Record no. 2635)

MARC details
000 -CABECERA
campo de control de longitud fija 00902nam a2200241 a 4500
001 - NÚMERO DE CONTROL
campo de control 000002801
005 - FECHA Y HORA DE LA ÚLTIMA TRANSACCIÓN
campo de control 20200929150246.0
008 - DATOS DE LONGITUD FIJA--INFORMACIÓN GENERAL
campo de control de longitud fija 791001s1984 ag b 001 0 spa
020 ## - NÚMERO INTERNACIONAL ESTÁNDAR DEL LIBRO
ISBN cancelado o inválido 950050338
040 ## - FUENTE DE LA CATALOGACIÓN
Centro catalogador/agencia de origen DO-SdBNP
Lengua de catalogación spa
Centro/agencia transcriptor BNPHU
082 ## - NÚMERO DE LA CLASIFICACIÓN DECIMAL DEWEY
Número de clasificación 333.79
Número de documento/Ítem C421r
100 1# - ENTRADA PRINCIPAL--NOMBRE DE PERSONA
Nombre de persona Ceselski, Elizabeth.
9 (RLIN) 8849
240 10 - TÍTULO UNIFORME
Título uniforme Household energy and the poor in the third world.
Lenguaje de la obra Español
245 14 - MENCIÓN DE TÍTULO
Título Los recursos de la pobreza en el tercer mundo /
Mención de responsabilidad, etc. Elizabeth Ceselski, Joy Dunkerley y William Ramsay; traductor, Martínez Alinari.
260 ## - PUBLICACIÓN, DISTRIBUCIÓN, ETC.
Lugar de publicación, distribución, etc. Buenos Aires :
Nombre del editor, distribuidor, etc. Corregidor,
Fecha de publicación, distribución, etc. 1984.
300 ## - DESCRIPCIÓN FÍSICA
Extensión 162 p. ;
Dimensiones 20 cm.
650 #4 - PUNTO DE ACCESO ADICIONAL DE MATERIA--TÉRMINO DE MATERIA
Término de materia o nombre geográfico como elemento de entrada Política energética
Subdivisión geográfica Países En Desarrollo
9 (RLIN) 8850
650 #4 - PUNTO DE ACCESO ADICIONAL DE MATERIA--TÉRMINO DE MATERIA
Término de materia o nombre geográfico como elemento de entrada Pobre
Subdivisión geográfica Países En Desarrollo
9 (RLIN) 8851
650 #4 - PUNTO DE ACCESO ADICIONAL DE MATERIA--TÉRMINO DE MATERIA
Término de materia o nombre geográfico como elemento de entrada Viviendas
Subdivisión geográfica Países En Desarrollo
9 (RLIN) 8852
700 1# - PUNTO DE ACCESO ADICIONAL--NOMBRE DE PERSONA
Nombre de persona Martínez Alinari,
Término indicativo de función/relación tr.
9 (RLIN) 8853
700 1# - PUNTO DE ACCESO ADICIONAL--NOMBRE DE PERSONA
Nombre de persona Dunkerley, Joy
9 (RLIN) 8854
700 1# - PUNTO DE ACCESO ADICIONAL--NOMBRE DE PERSONA
Nombre de persona Ramsay, William,
Fechas asociadas al nombre 1930-
9 (RLIN) 8855
Holdings
Estado de retiro Estado de pérdida Restricciones de uso No para préstamo Código de colección Localización permanente Ubicación/localización actual Ubicación en estantería Fecha de adquisición Número de inventario Total de préstamos Signatura topográfica completa Código de barras Fecha visto por última vez Precio válido a partir de Tipo de ítem Koha Número de copia
    Préstamo interno   Monografías: Libros y Folletos General General En catalogación 03.07.2009 LF1   333.79 C421r 2801-10 25.06.2020 25.06.2020 Préstamo interno  
    Préstamo restringido Préstamo restrigido Monografías: Libros y Folletos General General En catalogación 03.07.2009 LF1   333.79 C421r 2801-20 25.06.2020 25.06.2020 Préstamo interno e.2
        Monografías: Libros y Folletos Patrimonio Dominicano Patrimonio Dominicano Orden iniciada 03.04.2017 LF1   333.79 C421r 2801-30 25.06.2020 25.06.2020 No se presta  

Powered by Koha